Not My Book Chain II Quiz Stats

 Plays Quiz Updated Dec 6, 2017

Also try: Not My Book Chain
Challenge
Share
Tweet
Embed
Score 0/12 Timer 08:00
8 Plays Today
Question Answer Wrong Answers
Which book was not written by Dan Brown? Christine
89.2%
Digital Fortress
5.7%
The Da Vinci Code
1.1%
Inferno
3.1%
Which book was not written by James Joyce? Get Shorty
83.3%
Dubliners
3.2%
Ulysses
5.2%
Finnegans Wake
4.4%
Which book was not written by Suzanne Collins? The Five People You Meet in Heaven
75.6%
Year of the Jungle
6.8%
Catching Fire
7.2%
Gregor and the Curse of the Warmbloods
10%
Which book was not written by Kurt Vonnegut? The Cider House Rules
71%
Slaughterhouse-Five
2.9%
Breakfast of Champions
8.9%
Mother Night
13.9%
Which book was not written by Stephen King? A Time to Kill
69.1%
The Dead Zone
2.7%
The Girl Who Loved Tom Gordon
25.3%
Carrie
1.6%
Which book was not written by John Irving? A Portrait of the Artist as a Young Man
66.8%
The World According to Garp
10%
A Prayer for Owen Meany
9.7%
The Hotel New Hampshire
9.7%
Which book was not written by Ray Bradbury? Rumble Fish
61.2%
Fahrenheit 451
6.6%
Something Wicked This Way Comes
20.9%
The Martian Chronicles
8.6%
Which book was not written by Mitch Albom? The Lost Symbol
61.1%
Tuesdays with Morrie
6.8%
Have a Little Faith
5%
Fab Five: Basketball, Trash Talk, The American Dream
26.3%
Which book was not written by Elmore Leonard? The Carpetbaggers
45.9%
Out of Sight
13.5%
The Big Bounce
11.2%
Cuba Libre
25.3%
Which book was not written by Harold Robbins? Gregor and the Prophecy of Bane
44.2%
A Stone for Danny Fisher
18.2%
Goodbye, Janette
15.1%
The Betsy
18.2%
Which book was not written by S. E. Hinton? Deadeye Dick
43.3%
The Outsiders
12.3%
That Was Then, This Is Now
22%
Tex
19.1%
Which book was not written by John Grisham? Death Is a Lonely Business
30.9%
The Pelican Brief
3.5%
Skipping Christmas
29%
Playing for Pizza
34.5%

You're not logged in!

Compare scores with friends on all Sporcle quizzes.
Join for Free
OR
Log In

You Might Also Like...

Show Comments

Extras

Top Quizzes Today


Score Distribution

Your Account Isn't Verified!

In order to create a playlist on Sporcle, you need to verify the email address you used during registration. Go to your Sporcle Settings to finish the process.

Report this User

Report this user for behavior that violates our Community Guidelines.

Details: